| 000 | 01081cam a2200217 4500 | ||
|---|---|---|---|
| 001 | WB3945-13 | ||
| 008 | 031125n2003 000 0 eng u | ||
| 035 | _a(Sirsi) u124463 | ||
| 245 | _aCentre to link scientists, farmers and industry | ||
| 260 | _c2003 | ||
| 490 |
_aDEFRA News Release _v(491/03) 24 November 2003, (3) |
||
| 520 | _aThe National Non-Food Crops Centre is launched today. This will raise awareness among scientists, industry and farmers of the emerging non-food uses of crops as a database is provided of non-food crop products and technologies. It will disseminate scientific and technological information as widely as possible to raise the profile of non-food crops. For the DEFRA News Release: http://www.gnn.gov.uk/gnn/national.nsf/Daily+News/BA3A06FA113FB13280256DE800423D02?opendocument | ||
| 590 | _aWB | ||
| 650 | _aNATIONAL NON-FOOD CROPS CENTRE | ||
| 650 | _aNON-FOOD CROPS | ||
| 650 | _aCOMMON AGRICULTURAL POLICY | ||
| 650 | _aCROP DIVERSITY | ||
| 650 | _aSUSTAINABLE DEVELOPMENT | ||
| 690 | _aRURAL-AGRICULTURE AND FORESTRY | ||
| 942 | _n0 | ||
| 999 |
_c73852 _d73852 |
||